Представление документа в формате RUSMARC

ПолеНазваниеЗначение
  Тип записи a
  Библиографический уровень a
001 Контрольный номер RU/CBS_UL/BASE/37a163e2c4134b6484f1dad189ec049e
005 Дата корректировки 20230504170305.9
100 Данные общей обработки __
a Данные общей обработки 20230504 ||| 0rusy0189 ca
101 Язык документа 0_
a Язык текста rus
102 Страна публикации __
a Страна публикации RU
200 Заглавие и сведения об ответственности 1_
a Заглавие Великая перезагрузка
e Сведения, относящиеся к заглавию [Клаус Шваб, идеолог глобализма, предсказал пессимистический сценарий будущего цивилизации]
f Первые сведения об ответственности И. Тарнаева
300 Общие примечания __
a Общие примечания 16+
461 Уровень набора _0
1 2000
a Все загадки мира
463 Уровень физической единицы _0
1 2000
a № 2
v С. 14-16 : фото
1 2101
d 2023
1 001RU/CBS_UL/BASE/b4d3363adeed4f9490f19009f24f307b
600 Персоналии _1
a Персоналии (Фамилия) Шваб
b Персоналии (Имя, инициалы) К.
606 Тематические рубрики 0_
a Основная рубрика Глобализация
610 Ключевые слова 0_
a Ключевые слова глобалисты
610 Ключевые слова 0_
a Ключевые слова заговор глобалистов
610 Ключевые слова 0_
a Ключевые слова сокращение населения
610 Ключевые слова 0_
a Ключевые слова мироустройство
610 Ключевые слова 0_
a Ключевые слова переустройство мира
610 Ключевые слова 0_
a Ключевые слова новые мировые порядки
686 Индексы других классификаций __
2 Код системы rubbk
a Классификационный индекс 60.02
700 Автор _1
a Фамилия Тарнаева
b Имя (инициалы) И.
801 Источник записи _0
a Страна RU
b Организация МБУК ЦБС г. Ульяновска
c Дата составления 20230504
g Правила каталогизации RCR
801 Источник записи _1
a Страна RU
b Организация МБУК ЦБС г. Ульяновска
c Дата составления 20230504
g Правила каталогизации RCR
901 Тип документа __
t Тип документа b
w Контрольный № источника RU/CBS_UL/BASE/b4d3363adeed4f9490f19009f24f307b